Educational surveys, (Record no. 20299)
[ view plain ]
| 000 -LEADER | |
|---|---|
| fixed length control field | 01089cam a22002651 4500 |
| 001 - CONTROL NUMBER | |
| control field | e 19000230 |
| 003 - CONTROL NUMBER IDENTIFIER | |
| control field | DLC |
| 005 - DATE AND TIME OF LATEST TRANSACTION | |
| control field | 20260227111210.0 |
| 008 - FIXED-LENGTH DATA ELEMENTS--GENERAL INFORMATION | |
| fixed length control field | 940801s1919 dcu f000 0 eng c |
| 010 ## - LIBRARY OF CONGRESS CONTROL NUMBER | |
| LC control number | e 19000230 |
| 035 ## - SYSTEM CONTROL NUMBER | |
| System control number | (OCoLC)30855730 |
| 040 ## - CATALOGING SOURCE | |
| Original cataloging agency | Library, U.S. Bur. of Education |
| Transcribing agency | IEN |
| Modifying agency | IEN |
| -- | DLC |
| 042 ## - AUTHENTICATION CODE | |
| Authentication code | premarc |
| 050 00 - LIBRARY OF CONGRESS CALL NUMBER | |
| Classification number | L111 |
| Item number | .A6 1918, no. 45 |
| 100 1# - MAIN ENTRY--PERSONAL NAME | |
| Personal name | Buchner, Edward Franklin, |
| Dates associated with a name | 1868-1929. |
| 245 10 - TITLE STATEMENT | |
| Title | Educational surveys, |
| Statement of responsibility, etc. | by Edward Franklin Buchner ... |
| 260 ## - PUBLICATION, DISTRIBUTION, ETC. | |
| Place of publication, distribution, etc. | Washington, |
| Name of publisher, distributor, etc. | Govt. Print. Off., |
| Date of publication, distribution, etc. | 1919. |
| 300 ## - PHYSICAL DESCRIPTION | |
| Extent | 56 p. |
| Dimensions | 23 cm. |
| 490 1# - SERIES STATEMENT | |
| Series statement | [U.S.] Bureau of Education. Bulletin, |
| Volume/sequential designation | 1918, no. 45 |
| 500 ## - GENERAL NOTE | |
| General note | At head of title: Department of the Interior ... |
| 500 ## - GENERAL NOTE | |
| General note | Advance sheets from the Biennial survey of education in the United States, 1916-1918. |
| 501 ## - WITH NOTE | |
| With note | With: Instruction in art in the United States / Walter Sargent. Washington : Govt. Print. Off., 1919. Bound together subsequent to publication. |
| Institution to which field applies | DLC |
| 650 #0 - SUBJECT ADDED ENTRY--TOPICAL TERM | |
| Topical term or geographic name entry element | Educational surveys. |
| 830 #0 - SERIES ADDED ENTRY--UNIFORM TITLE | |
| Uniform title | Bulletin (United States. Bureau of Education) ; |
| Volume/sequential designation | 1918, no. 45. |
No items available.